Complex analysis. (Record no. 586722)
[ view plain ]
| 000 -LEADER | |
|---|---|
| fixed length control field | 01375cas a2200409 a 4500 |
| 001 - CONTROL NUMBER | |
| control field | 11480768 |
| 003 - CONTROL NUMBER IDENTIFIER | |
| control field | NUST |
| 005 - DATE AND TIME OF LATEST TRANSACTION | |
| control field | 20211112203726.0 |
| 008 - FIXED-LENGTH DATA ELEMENTS--GENERAL INFORMATION | |
| fixed length control field | 970620c19979999gw uu p 0 0eng |
| 010 ## - LIBRARY OF CONGRESS CONTROL NUMBER | |
| LC control number | 97640157 |
| 015 ## - NATIONAL BIBLIOGRAPHY NUMBER | |
| National bibliography number | 01852902X |
| Source | dnb |
| 016 7# - NATIONAL BIBLIOGRAPHIC AGENCY CONTROL NUMBER | |
| Record control number | 1353913-9 |
| Source | DE-600 |
| 035 ## - SYSTEM CONTROL NUMBER | |
| System control number | (OCoLC)ocm37160804 |
| 038 ## - RECORD CONTENT LICENSOR | |
| Staff Name | M. Shaban |
| 040 ## - CATALOGING SOURCE | |
| Original cataloging agency | DLC |
| Language of cataloging | eng |
| Transcribing agency | DLC |
| Modifying agency | GBVCP |
| -- | OCoLC |
| 041 1# - LANGUAGE CODE | |
| Language code of text/sound track or separate title | eng |
| Language code of original | rus |
| 042 ## - AUTHENTICATION CODE | |
| Authentication code | pcc |
| 050 00 - LIBRARY OF CONGRESS CALL NUMBER | |
| Classification number | QA331.7 |
| Item number | .C658 |
| 082 00 - DEWEY DECIMAL CLASSIFICATION NUMBER | |
| Classification number | 515.9 |
| Edition number | 21 |
| Author Mark | ZIL |
| 245 00 - TITLE STATEMENT | |
| Title | Complex analysis. |
| Statement of responsibility, etc. | Dennis G. Zill |
| 250 ## - EDITION STATEMENT | |
| Edition statement | 3rd ed. |
| 260 ## - PUBLICATION, DISTRIBUTION, ETC. | |
| Place of publication, distribution, etc. | Berlin ; |
| -- | New Delhi : |
| Name of publisher, distributor, etc. | Raj Press, |
| Date of publication, distribution, etc. | 2017 |
| 300 ## - PHYSICAL DESCRIPTION | |
| Extent | v. : |
| Other physical details | ill. ; |
| Dimensions | 24 cm. |
| 362 0# - DATES OF PUBLICATION AND/OR SEQUENTIAL DESIGNATION | |
| Dates of publication and/or sequential designation | 1- |
| 490 1# - SERIES STATEMENT | |
| Series statement | Encyclopaedia of mathematical sciences |
| 563 ## - BINDING INFORMATION | |
| Binding note | P.B |
| 580 ## - LINKING ENTRY COMPLEXITY NOTE | |
| Linking entry complexity note | Translated from various issues of: Itogi nauki i tekhniki. Serii︠a︡ Sovremennye problemy matematiki. Fundamentalʹnye napravlenii︠a︡. |
| 590 ## - LOCAL NOTE (RLIN) | |
| Local note | SERBIB/SERLOC merged record |
| 650 #0 - SUBJECT ADDED ENTRY--TOPICAL TERM | |
| Topical term or geographic name entry element | Functions of complex variables. |
| 9 (RLIN) | 84044 |
| 650 #0 - SUBJECT ADDED ENTRY--TOPICAL TERM | |
| Topical term or geographic name entry element | Mathematical analysis. |
| 9 (RLIN) | 84045 |
| 730 0# - ADDED ENTRY--UNIFORM TITLE | |
| Uniform title | Itogi nauki i tekhniki. Serii︠a︡ Sovremennye problemy matematiki. Fundamentalʹnye napravlenii︠a︡. |
| 9 (RLIN) | 84046 |
| 830 #0 - SERIES ADDED ENTRY--UNIFORM TITLE | |
| Uniform title | Encyclopaedia of mathematical sciences. |
| 9 (RLIN) | 84047 |
| 906 ## - LOCAL DATA ELEMENT F, LDF (RLIN) | |
| a | 7 |
| b | cbc |
| c | serials |
| d | u |
| e | ncip |
| f | 19 |
| g | n-oclcserc |
| 942 ## - ADDED ENTRY ELEMENTS (KOHA) | |
| Source of classification or shelving scheme | |
| Koha item type | Book |
| Withdrawn status | Lost status | Source of classification or shelving scheme | Damaged status | Not for loan | Permanent Location | Current Location | Shelving location | Date acquired | Source of acquisition | Total Checkouts | Total Renewals | Full call number | Barcode | Checked out | Date last seen | Date last checked out | Price effective from | Koha item type |
|---|---|---|---|---|---|---|---|---|---|---|---|---|---|---|---|---|---|---|
| Central Library (CL) | Central Library (CL) | Mathematics | 11/12/2021 | donation | 3 | 2 | 515.9 ZIL | CL-D-1403 | 12/15/2024 | 04/19/2024 | 04/19/2024 | 11/12/2021 | Book |
